|
|
|
|
| LEADER |
00000nam a2200000 a 4500 |
| 001 |
vtls011703209 |
| 003 |
SK-MaSNL |
| 005 |
20260301141042.0 |
| 008 |
240313t1588 it af 000 0 ita |
| 015 |
|
|
|a SNBHFA1588
|
| 035 |
|
|
|a 655204CB-D98D-4AA3-A735-FCC104F5939B
|
| 035 |
|
|
|a urn:nbn:sk:snk-amycv0
|
| 035 |
|
|
|a urn:nbn:sk:snk-am00chqs
|
| 040 |
|
|
|a SNKHF
|b slo
|c SNK
|e AACR2
|
| 041 |
0 |
|
|a ita
|
| 044 |
|
|
|a it
|c IT
|
| 100 |
1 |
|
|a Fulvio, Andrea,
|d 1470-1527
|4 aut
|9 494557
|
| 245 |
0 |
0 |
|a L'Antichità Di Roma Di Andrea Fulvio Antiqvario Romano, Di nuouo con ogni diligenza corretta & ampliata, con gli adornamenti di disegni degli edificij Antichi & Moderni; Con Le Aggivntioni & annotationi di Girolamo Ferrucci Romano, tanto intorno à molte cose antiche, come anche alle cose celebri rinouate & stabilite dalla Santità di N. S. Sisto V. Aggiuntoui nel fine un' Oratione dell'istesso Auttore delle lodi di Roma, & gli nomi antichi & moderni di detta Roma; con le Tauole copiosissime di quanto nell' Opera si contiene. Al molto Illustre Signor Gaspare dell'Armi, Scalco secreto di N. S. Sisto V.
|
| 260 |
|
|
|a In Venetia
|b Per Girolamo Francini Libraro in Roma all'insegna del Fonte
|c MDLXXXVIII. [=1588]
|
| 300 |
|
|
|a [4], 264, [4] l.
|c 8°
|c 16x10,5 cm
|
| 508 |
|
|
|a Ded.: Dell`Armi, Gaspare; Franzini, Girolamo; pref.: Franzini, Girolamo; príl. b.: Franzini, Girolamo; Sixtus V. - pápež
|
| 510 |
4 |
|
|a ICCU-CNCE 119995
|
| 550 |
|
|
|a Impesorské údaje zopakované v kolofóne
|
| 561 |
|
|
|a Proveniencia: pečiatka Dr. E. Kadarász - ver. not. poz. Margity Zayovej Čís. 5373 - Na predsádke: W: CH: E: C: ab Auersperg.
|5 SNK ID 99827
|
| 563 |
|
|
|a Väzba: žltá hladká koža, stopy po pošnúrkach, na chrbte modrý štítok s číslom 5521.
|5 SNK ID 99827
|
| 650 |
0 |
7 |
|a antická architektúra
|2 SNKPH
|9 2878
|
| 700 |
1 |
|
|a Zaiová, Margita,
|d 1868-1937
|4 own
|9 186369
|
| 700 |
1 |
|
|a Kadarász, Ernest
|4 oth
|9 302455
|
| 700 |
1 |
|
|a Dell`Armi, Gaspare
|4 hnr
|9 494558
|
| 700 |
1 |
|
|a Franzini, Girolamo,
|d 1537-1596
|4 prt
|4 dto
|4 ctb
|4 aui
|9 494559
|
| 700 |
0 |
|
|a Sixtus
|b V.,
|c pápež,
|d 1520-1590
|4 hnr
|9 130597
|
| 700 |
0 |
|
|a Ferrucci, Girolamo
|4 com
|9 494560
|
| 700 |
0 |
|
|a Auersperg, W: CH: E: C: ab
|4 own
|9 494561
|
| 710 |
2 |
|
|a Franzini, Girolamo (Venezia, Taliansko)
|4 prt
|9 494562
|
| 752 |
|
|
|a Venezia
|d Taliansko
|
| 852 |
|
|
|a SNK
|b Zaiova knižnica: Zay M 5521
|p ID 99827
|
| 958 |
|
|
|a ONDV
|
| 999 |
|
|
|c 765849
|d 767779
|
| 952 |
|
|
|t Zay M 5521
|a SNK
|b SNK
|c SNK_HF
|y PREZ
|7 0
|p 17A1130792
|o snkID 99827
|i snk2017/16550
|8 5
|0 0
|1 0
|4 0
|d 2017-07-18
|f 1
|l 0
|r 2026-02-24 00:18:41
|w 2026-02-24
|